000 00635nam a2200241Ia 4500
003 OSt
005 20221005054945.0
006 a|||||r|||| 00| 0
007 ta
008 221004b |||||||| |||| 00| 0 eng d
024 _a46462
037 _cTextual
040 _aCRL
_cCRL
_beng
041 _2eng
_aeng
082 _aO111,3M43:g, K8
100 _aTanner Tony Ed.
245 0 _aHenry James
_b Modern judgements
260 _aLondon
_bMacmillan UK
_c1968
300 _a351p.
_ccm.
650 _aENGLISH LITERATURE
942 _hO111,3M43:g, K8
_cTEXL
_2cc
999 _c964326
_d964326